Professional Web design : (رقم التسجيلة. 26733)

تفاصيل مارك
000 -الفاتح
حقل البيانات ثابتة الطول 02200cam a2200385 a 4500
001 - رقم الضبط
رقم الضبط 16214403
003 - محدد رقم الضبط
رقم الضبط OSt
005 - وقت وتاريخ اخر تعامل مع التسجيلة
رقم الضبط 20150408114109.0
008 - عناصر البيانات ثابتة الطول - معلومات عامة
حقل البيانات ثابتة الطول 100503s2011 maua 001 0 eng d
010 ## - رقم ضبط مكتبة الكونجرس
رقم ضبط مكتبة الكونجرس 2010928007
020 ## - الرقم الدولى المعيارى للكتب
الرقم الدولى المعيارى للكتاب 9781435457157
020 ## - الرقم الدولى المعيارى للكتب
الرقم الدولى المعيارى للكتاب 9781435457157
020 ## - الرقم الدولى المعيارى للكتب
الرقم الدولى المعيارى للكتاب 1435457153
035 ## - رقم ضبط النظام
رقم ضبط النظام (OCoLC)ocn719481987
040 ## - مصدر الفهرسة
وكالة الفهرسة الأصلية XMC
وكالة النسخ XMC
وكالة التعديل XMC
-- DLC
042 ## - رمز التحقق
رمز التحقق lccopycat
050 00 - رقم طلب مكتبة الكونجرس
رقم التصنيف TK5105.888
رقم المادة .E375 2011
082 00 - رقم تصنيف ديوى العشرى
رقم التصنيف 006.7
رقم الطبعة 23
رقم المادة ECP
100 1# - المدخل الرئيسى - إسم شخصى
الإسم الشخصى Eccher, Clint.
9 (RLIN) 19298
245 10 - بيان العنوان
العنوان Professional Web design :
بقية العنوان techniques and templates /
بيان المسئوليه,etc Clint Eccher.
250 ## - بيان الطبعة
بيان الطبعة 4th ed.
260 ## - PUBLICATION, DISTRIBUTION, ETC. (IMPRINT)
مكان الناشر او الموزع Boston, MA :
اسم الناشر او الموزع Course Technology, Cengage Learning,
تاريخ النشر أو التوزيع c2011.
300 ## - الوصف المادى
التعداد xvii, 889 p. :
تفاصيل ماديه اخرى للوعاء ill. (some col.) ;
أبعاد الوعاء 24 cm. +
المادة المصاحبة 1 CD-ROM (4 3/4 in.)
500 ## - تبصرة عامة
تبصرة عامة Includes index.
505 0# - تبصرة محتويات-الفهرس
تبصرة المحتويات المصاغة Overview of Web development today -- Designing for the past, present, and future -- Things to consider before beginning -- Enhancing usability -- Gathering requirements and creating a comp -- What is needed to build mortised sites -- Understanding graphics -- Creating CSS designs -- Case study: Low-content CSS design -- Case study: Medium-content CSS design -- Case study: High-content CSS design -- Case study: Full-height three-column layout -- Case study: Background-based design -- Case study: A CSS form -- Case Study: Low-content XHTML template -- Tips and techniques -- Search engine optimization (SEO) -- Conversion rate optimization (CRO) -- Customizing the designs included in this book -- Templates included on DVD.
650 #0 - المدخل الاضافى بالموضوع-مصطلح موضوعى
مصطلح موضوعي أو اسم جغرافي كعنصر مدخل Web sites
التقسيم الفرعي العام Design.
9 (RLIN) 4689
650 #0 - المدخل الاضافى بالموضوع-مصطلح موضوعى
مصطلح موضوعي أو اسم جغرافي كعنصر مدخل Cascading style sheets.
9 (RLIN) 18006
650 #0 - المدخل الاضافى بالموضوع-مصطلح موضوعى
مصطلح موضوعي أو اسم جغرافي كعنصر مدخل XHTML (Document markup language)
856 42 - الوصول و الموقع الالكترونى
مواد محددة Contributor biographical information
معرف المصدر الموحد <a href="http://www.loc.gov/catdir/enhancements/fy1303/2010928007-b.html">http://www.loc.gov/catdir/enhancements/fy1303/2010928007-b.html</a>
856 42 - الوصول و الموقع الالكترونى
مواد محددة Publisher description
معرف المصدر الموحد <a href="http://www.loc.gov/catdir/enhancements/fy1303/2010928007-d.html">http://www.loc.gov/catdir/enhancements/fy1303/2010928007-d.html</a>
856 41 - الوصول و الموقع الالكترونى
مواد محددة Table of contents only
معرف المصدر الموحد <a href="http://www.loc.gov/catdir/enhancements/fy1303/2010928007-t.html">http://www.loc.gov/catdir/enhancements/fy1303/2010928007-t.html</a>
906 ## - عنصر بيانات محلى F, LDF (RLIN)
a 7
b cbc
c copycat
d 2
e ncip
f 20
g y-gencatlg
942 ## - عناصر المدخل الإضافي( كوها)
مصدر التصنيف او مخطط الترفيف Dewey Decimal Classification
Koha [default] item type DVD
المقتنيات
حالة الفقد نموذج السعر الفعال حالة تلف ليس للاعارة رقم الطلب تاريخ الاكتساب الموقع الحالي الباركود الفرع الرئيسي Date last seen نوع المادة فى نظام كوها مصدر التصنيف او خطة الترفيف Total Checkouts
  2013-03-10     006.7 ECP 2012-12-29 المكتبة المركزية بالمجمعة (CL) 00401091 المكتبة المركزية بالمجمعة (CL) 2013-03-10 كتاب Dewey Decimal Classification  
  2013-03-10     006.7 ECP 2013-01-05 المكتبة المركزية بالمجمعة (CL) 00401328 المكتبة المركزية بالمجمعة (CL) 2013-03-10 كتاب Dewey Decimal Classification  
  2013-03-10     006.7 ECP 2013-01-05 المكتبة المركزية بالمجمعة (CL) 00401329 المكتبة المركزية بالمجمعة (CL) 2013-03-10 كتاب Dewey Decimal Classification